Niektoré aspekty obchodu s otrokmi z Afriky (v období od 15. do 19. storočia)
Analýzy vývoja deportácií afrického obyvateľstva na americký kontinent a demografické následky v priebehu niekoľkých storočí, najmä v období kolonializmu amerického kontinentu. Vplyv obchodu s ľuďmi na vývoj v pôvodných krajinách. Vzostup a úpadok otrokárskeho režimu a jeho vplyv na rozvoj súčasnej...
Salvato in:
| Autore principale: | |
|---|---|
| Natura: | Capitolo di libro |
| Lingua: | slovacco |
| Soggetti: | |
| Tags: |
Nessun Tag, puoi essere il primo ad aggiungerne!!
|
MARC
| LEADER | 00000naa a2200000 4500 | ||
|---|---|---|---|
| 001 | 0287101 | ||
| 005 | 20240502074419.5 | ||
| 041 | 0 | |a slo | |
| 044 | |a SK | ||
| 245 | 1 | 0 | |a Niektoré aspekty obchodu s otrokmi z Afriky (v období od 15. do 19. storočia) |c Jakub Pernický |
| 520 | |a Analýzy vývoja deportácií afrického obyvateľstva na americký kontinent a demografické následky v priebehu niekoľkých storočí, najmä v období kolonializmu amerického kontinentu. Vplyv obchodu s ľuďmi na vývoj v pôvodných krajinách. Vzostup a úpadok otrokárskeho režimu a jeho vplyv na rozvoj súčasnej Európy a Severnej Ameriky. | ||
| 610 | 2 | 0 | |a otrokárstvo |
| 610 | 2 | 0 | |a demografia |
| 610 | 2 | 0 | |a história |
| 610 | 2 | 0 | |a kolonializmus |
| 610 | 2 | 0 | |a Afrika |
| 610 | 2 | 0 | |a Amerika |
| 100 | 1 | |a Pernický, Jakub, 1998- | |